India in the Victorian age : (Record no. 25401)

MARC details
000 -LEADER
fixed length control field 01147cam a22003011 4500
001 - CONTROL NUMBER
control field 9138427
003 - CONTROL NUMBER IDENTIFIER
control field BDDh-ASL
005 - DATE AND TIME OF LATEST TRANSACTION
control field 20231015030502.0
008 - FIXED-LENGTH DATA ELEMENTS--GENERAL INFORMATION
fixed length control field 800911s19951904enk 000 0 eng
010 ## - LIBRARY OF CONGRESS CONTROL NUMBER
LC control number 04032190
035 ## - SYSTEM CONTROL NUMBER
System control number (OCoLC)6702267
040 ## - CATALOGING SOURCE
Original cataloging agency DLC
Transcribing agency KU
Modifying agency KU
-- DLC
-- BDDh-ASL
042 ## - AUTHENTICATION CODE
Authentication code premarc
050 00 - LIBRARY OF CONGRESS CALL NUMBER
Classification number HC435
Item number .D975 1904
082 ## - DEWEY DECIMAL CLASSIFICATION NUMBER
Classification number 954
Item number DUI
100 1# - MAIN ENTRY--PERSONAL NAME
Personal name Dutt, Romesh Chunder,
Dates associated with a name 1848-1909.
245 10 - TITLE STATEMENT
Title India in the Victorian age :
Remainder of title an economic history of the people /
Statement of responsibility, etc. by Romesh Dutt.
260 ## - PUBLICATION, DISTRIBUTION, ETC.
Place of publication, distribution, etc. London :
Name of publisher, distributor, etc. K. Paul, Trench, Trübner & Co., Ltd.,
Date of publication, distribution, etc. 1904.
300 ## - PHYSICAL DESCRIPTION
Extent xxii, 628 p. :
Dimensions 22 cm.
500 ## - GENERAL NOTE
General note Later editions published under title: The economic history of India in the Victorian age.
504 ## - BIBLIOGRAPHY, ETC. NOTE
Bibliography, etc. note Includes bibliographical references and index.
651 #0 - SUBJECT ADDED ENTRY--GEOGRAPHIC NAME
Geographic name India
General subdivision Economic conditions.
651 #0 - SUBJECT ADDED ENTRY--GEOGRAPHIC NAME
Geographic name India
General subdivision Politics and government
Chronological subdivision 1765-1947.
651 #0 - SUBJECT ADDED ENTRY--GEOGRAPHIC NAME
Geographic name Great Britain
General subdivision Colonies
-- Economic conditions.
700 1# - ADDED ENTRY--PERSONAL NAME
Personal name Dutt, Romesh Chunder,
Dates associated with a name 1848-1909.
Title of a work The economic history of India in the Victorian age.
906 ## - LOCAL DATA ELEMENT F, LDF (RLIN)
a 7
b cbc
c oclcrpl
d u
e ncip
f 19
g y-gencatlg
942 ## - ADDED ENTRY ELEMENTS (KOHA)
Source of classification or shelving scheme Dewey Decimal Classification
Koha item type Books
Holdings
Withdrawn status Lost status Source of classification or shelving scheme Damaged status Not for loan Collection code Home library Current library Shelving location Date acquired Source of acquisition Total Checkouts Full call number Barcode Date last seen Copy number Price effective from Koha item type
    Dewey Decimal Classification     Non-fiction Asiatic Society Library Asiatic Society Library Sirajul Islam Collection 07/14/2021 Donated by Professor Sirajul Islam, FRHS   954 DUI 110166 07/14/2021 C-1 07/14/2021 Books

Powered by Koha